000 00293nam a22001337a 4500
008 170421b xxu||||| |||| 00| 0 eng d
020 _a9780077280109
041 _aeng
080 _213TH
_a573
100 _a11
101 _aSHM
245 _aINQUIRY INTO LIFE
_cMADER, S.S
942 _2udc
_cBK
999 _c11507
_d11507